00402nam a2200157Ia 4500008004100000020001800041082000800059100002000067245004900087250000600136260003300142300001700175500002400192650001400216700001400230230524s9999 xx 000 0 und d a9780198098386 bDAN aIsaac M.Daniel  0aEngineering Mechanics of Composite Materials a2 aNew DelhibWiley Indiac2015 a"XIII,403p;" aQuantity Number: 1 aMechanics aOri Ishai